Science Quiz

Random Science or Biology Quiz
Score 0/19 Timer 06:00
0 Plays Today
% Correct
Bird
98.2%
Invertebrate
96.1%
Vertebrate
95.8%
Migration
94.2%
Hibernation
91.8%
Sea cow
91.1%
Sea horse
90.5%
Arachnid
89.5%
Rodent
89.5%
Cilia
88.9%
% Correct
Crustacean
88.9%
Marsupial
87.9%
Cold-blooded
87.6%
Proboscis
86.3%
Trichinosis
85.8%
Warm-blooded
82.1%
Monotreme
66.1%
Eutherian
50%
Estivation
49.5%
Remove Ads.
Support Sporcle.
Get the best of Sporcle when you Go Orange. This ad-free experience offers more features, more stats, and more fun while also helping to support Sporcle. Thank you for becoming a member.

You're not logged in!

Compare scores with friends on all Sporcle quizzes.
OR
Log In

Show Comments

Extras

Top Quizzes Today


Score Distribution

Your Account Isn't Verified!

In order to create a playlist on Sporcle, you need to verify the email address you used during registration. Go to your Sporcle Settings to finish the process.

Report this User

Report this user for behavior that violates our Community Guidelines.

Details: